000 00379nam a2200169Ia 4500
008 210210b1926 xxu||||| |||| 00| 0 eng d
041 _aeng
082 _a580/323
100 _aWOODHEAD (T W)
245 _aStudy of plants
260 _aOxford
_bAt the Clarendon Press
_c1926
650 _aStudy
650 _aplants
650 _aof
690 _aBotany
906 _a010573
999 _c138341
_d138341